Anglicky za 3 měsíce

Gespeichert in:
Bibliographische Detailangaben
Format: Buch
Sprache:Tschechisch
Veröffentlicht: Praha Horizont 1990
Ausgabe:1. vyd.
Tags: Tag hinzufügen
Keine Tags, Fügen Sie das erste Tag hinzu!

MARC

LEADER 00000nam a2200000 4500
001 c024004
005 20250519105131.2
041 0 |a cze 
044 |a CZ 
245 1 0 |a Anglicky za 3 měsíce  |c František Malíř 
250 |a 1. vyd. 
264 1 |a Praha  |b Horizont  |c 1990 
300 |a 191 s.